000 00550nam a2200181Ia 4500
008 100920s9999 xx 000 0 und d
082 _b103009
_a891.43 न 08
100 _aमिश्र रामदरश.
245 _aघर-परिवेश.
260 _bसाहित्य सहकार,दिल्ली.
_c2008
300 _a160
_bसाधी
365 _b175
520 _aहिंदी.
630 _aघर-परिवेश.
650 _aहिंदी.
730 _aघर-परिवेश.
942 _cBOOK
999 _c743441
_d743438